Монологи о наслаждении, апатии и смерти: [романы]; пер. с япон.

Opis bibliograficzny
1. autor: Мураками Рю Рю
Streszczenie:«Экстаз», «Меланхолия» и «Танатос» — это трилогия, представляющая собой по замыслу автора «Монологи о наслаждении, апатии и смерти».
Język:rosyjski
Wydane: СПб., Амфора, 2007
Seria:Амфора
Hasła przedmiotowe:
Format: Książka
KOHA link:https://koha.lib.tpu.ru/cgi-bin/koha/opac-detail.pl?biblionumber=124776

MARC

LEADER 00000nam0a2200000 4500
001 124776
005 20231031131122.0
010 |a 9785367003949 
035 |a (RuTPU)RU\TPU\book\135031 
090 |a 124776 
100 |a 20071107d2007 m y0rusy50 ca 
101 1 |a rus  |c jap 
102 |a RU 
105 |a y z 000ay 
200 1 |a Монологи о наслаждении, апатии и смерти  |e [романы]  |e пер. с япон.  |f Рю Мураками 
210 |a СПб.  |c Амфора  |d 2007 
215 |a 566 с. 
225 1 |a Амфора 
330 |a «Экстаз», «Меланхолия» и «Танатос» — это трилогия, представляющая собой по замыслу автора «Монологи о наслаждении, апатии и смерти». 
610 1 |a японская литература 
610 1 |a романы 
610 1 |a проза 
675 |a 895.6  |v 3 
700 1 |a Мураками  |b Рю  |g Рю 
801 1 |a RU  |b 63413507  |c 20071107  |g PSBO 
801 2 |a RU  |b 63413507  |c 20080221  |g PSBO 
942 |c BK 
959 |a 78/20071106  |d 1  |e 268,62  |f ХФ:1